Подробности
| 000 -МАРКЕР |
| контрольное поле |
01298nam0a22002891 4500 |
| 001 - ИДЕНТИФИКАТОР ЗАПИСИ |
| контрольное поле |
RU\INFOCOMM_327\NLR\5000003835 |
| 005 - ИДЕНТИФИКАТОР ВЕРСИИ |
| контрольное поле |
20250613104517.0 |
| 010 ## - МЕЖДУНАРОДНЫЙ СТАНДАРТНЫЙ НОМЕР КНИГИ (ISBN) |
| Тираж |
1000 экз. |
| Цена |
20 к. |
| 035 ## - ДРУГИЕ СИСТЕМНЫЕ НОМЕРА |
| Идентификатор записи |
(NLR Aleph) 009506384 |
| 100 ## - ДАННЫЕ ОБЩЕЙ ОБРАБОТКИ |
| Данные общей обработки |
20121204d1933 |||y0rusy50 ca |
| 101 0# - ЯЗЫК РЕСУРСА |
| Язык текста, звукозаписи и т.д. |
польский |
| 102 ## - СТРАНА ПУБЛИКАЦИИ ИЛИ ПРОИЗВОДСТВА |
| Страна публикации |
российская федерация |
| 105 ## - ПОЛЕ КОДИРОВАННЫХ ДАННЫХ: ТЕКСТОВЫЕ МАТЕРИАЛЫ, МОНОГРАФИЧЕСКИЕ |
| Кодированные данные о монографическом текстовом документе |
y z ||||| |
| 200 1# - ЗАГЛАВИЕ И СВЕДЕНИЯ ОБ ОТВЕТСТВЕННОСТИ |
| Основное заглавие |
... Umocnienie kolektywów i zadania siewu wiosennego |
| Сведения, относящиеся к заглавию |
Referat na 1 Wszechzwiązkowym zjeździe kolektywników-szturmowców 16 lutego 1933 r. |
| Первые сведения об ответственности |
L. Kaganowicz |
| 210 ## - ПУБЛИКАЦИЯ, РАСПРОСТРАНЕНИЕ И ДР. |
| Место издания, распространения и т.д. |
Moskwa |
| Имя издателя, распространителя и т. д. |
Wyd-wo partyjne |
| Дата издания, распространения и т.д. |
1933 |
| Имя изготовителя |
17 ф-ка нац. книги треста "Полиграфкнига" |
| 215 ## - ФИЗИЧЕСКАЯ ХАРАКТЕРИСТИКА |
| Специфическое обозначение материала и объем |
92, [2] с., 2 с. объявл. |
| Размеры |
18х14 см |
| 300 ## - ОБЩИЕ ПРИМЕЧАНИЯ |
| Текст примечания |
На 4 с. обл.: "Л. Каганович. Укрепление колхозов и задачи весеннего сева. Доклад на I Всес. съезде колхозников-ударников. 16 февр. 1933 г." |
| 620 ## - МЕСТО И ДАТА ПУБЛИКАЦИИ, ИСПОЛНЕНИЯ И Т. Д. |
| Страна |
Москва |
| 686 ## - ИНДЕКСЫ ДРУГИХ КЛАССИФИКАЦИЙ |
| Индекс |
У32(2)181я431 |
| Код системы |
|
| 700 #1 - ИМЯ ЛИЦА - ПЕРВИЧНАЯ ОТВЕТСТВЕННОСТЬ |
| Графика поля |
Латинская |
| Материалы, к которым относится поле |
rus |
| Начальный элемент ввода |
Kaganovič |
| Часть имени, кроме начального элемента ввода |
L. M. |
| Даты |
1893-1991 |
| Расширение инициалов личного имени |
Lazar' Moiseevič |
| Системный номер авторитетной/нормативной записи |
248421 |
| Идентификатор авторитетной/нормативной записи |
RU\NLR\AUTH\770248477 |
| 790 #1 - ИМЯ ЛИЦА - АЛЬТЕРНАТИВНАЯ ФОРМА |
| Системный номер авторитетной/нормативной записи |
z01700 |
| Начальный элемент ввода |
Kaganowicz |
| Часть имени, кроме начального элемента ввода |
L. |
| Код отношения |
Автор |
| 801 #1 - ИСТОЧНИК ЗАПИСИ |
| Страна |
российская федерация |
| Организация |
NLR |
| Дата составления |
20121204 |
| 801 #0 - ИСТОЧНИК ЗАПИСИ |
| Страна |
российская федерация |
| Организация |
INFOCOMM |
| Правила каталогизации |
PSBO |
| 852 ## - МЕСТОНАХОЖДЕНИЕ И ШИФР ХРАНЕНИЯ |
| Идентификатор организации |
NLR |
| Шифр хранения (Call Number) |
Е-8/1953 |
| 942 ## - ДОПОЛНИТЕЛЬНЫЕ ЭЛЕМЕНТЫ ЗАПИСИ (АБИС) |
| Тип экземпляра АБИС |
Книга |
| 980 ## - КОЛЛЕКЦИЯ |
| Название коллекции |
Национальная библиография |